[Event "Luxembourg-ch"]
[Site "Luxembourg"]
[Date "1999.04.09"]
[Round "7"]
[White "Berck, Jean Michel"]
[Black "Haas, Dirk"]
[Result "1-0"]
[WhiteElo "1625"]
[BlackElo "1460"]
[PlyCount "99"]
[EventDate "1999.04.03"]
[EventType "swiss"]
[EventRounds "9"]
[EventCountry "LUX"]
[SourceTitle "EXT 2005"]
[Source "ChessBase"]
[SourceDate "2004.11.15"]
[SourceVersion "1"]
[SourceVersionDate "2004.11.15"]
[SourceQuality "1"]

1. e4 c6 2. d3 d5 3. Nd2 e5 4. Ngf3 Bg4 5. Be2 Bd6 6. h3 Bh5 7. 0-0 Ne7 8. c4 d4 9. Qb3 Qb6 10. g4 Bg6 11. c5 Qxb3 12. Nxb3 Bc7 13. Bg5 f6 14. Bh4 Na6 15. Nfd2 Bf7 16. Rfc1 g5 17. Bg3 Kd7 18. Nc4 h5 19. f3 hxg4 20. hxg4 Rh3 21. Kg2 Rah8 22. Rh1 Rxh1 23. Rxh1 Rxh1 24. Kxh1 Bxc4 25. dxc4 Ng6 26. a3 Bd8 27. Kg2 Be7 28. Na5 Nxc5 29. b4 Ne6 30. Nxb7 d3 31. Bd1 Nd4 32. Na5 Bd8 33. Nb3 Nxb3 34. Bxb3 a5 35. Be1 axb4 36. axb4 Bb6 37. c5 Ba7 38. Bc4 Nf4+ 39. Kf2 Bb8 40. Bd2 Ke7 41. Ke3 Kd7 42. Bxd3 Nxd3 43. Kxd3 Kc7 44. Kc4 Kd7 45. b5 Bc7 46. b6 Bb8 47. Ba5 Ke8 48. b7 Kd7 49. Bb6 Bc7 50. Kb4 1-0